Logo Biblioteca

El buscador de finales / (Registro nro. 882)

Detalles MARC
000 -LEADER
fixed length control field 01863nam a22002417a 4500
003 - CONTROL NUMBER IDENTIFIER
control field AR-RoUNCS
005 - DATE AND TIME OF LATEST TRANSACTION
control field 20260206112940.0
008 - FIXED-LENGTH DATA ELEMENTS--GENERAL INFORMATION
fixed length control field 260206s 2008ag ||||| |||| 00| 0 spa d
020 ## - INTERNATIONAL STANDARD BOOK NUMBER
International Standard Book Number 978-987-04-0992-2
040 ## - CATALOGING SOURCE
Transcribing agency AR-RoUNCS
Original cataloging agency AR-RoUNCS
080 ## - UNIVERSAL DECIMAL CLASSIFICATION NUMBER
Authority record control number or standard number 82-32(821)
100 1# - MAIN ENTRY--PERSONAL NAME
Personal name De Santis, Pablo,
Dates associated with a name (1963-),
Relator term autor
245 13 - TITLE STATEMENT
Title El buscador de finales /
Statement of responsibility, etc. Pablo De Santis.
250 ## - EDITION STATEMENT
Edition statement 2a ed.
260 ## - PUBLICATION, DISTRIBUTION, ETC.
Place of publication, distribution, etc. Buenos Aires :
Name of publisher, distributor, etc. Alfaguara,
Date of publication, distribution, etc. 2008.
300 ## - PHYSICAL DESCRIPTION
Extent 151 p. ;
Other physical details 22 cm.
490 0# - SERIES STATEMENT
Series statement Serie roja
505 0# - FORMATTED CONTENTS NOTE
Formatted contents note Un cajón de manzanas -- La casa de Sanders -- Todo lo que viene después -- ¡Interceptado! -- El fondo de los cajones -- El Palacio de los Botones -- Sanders -- Oficina de objetos perdidos -- Los números especiales -- Paciencia -- Un cuaderno amarillo -- Los objetos perdidos se pierden de verdad -- Preparativos de viaje -- Vulcandria -- Finlandia Sur -- Una pagina rota -- Paseo nocturno -- Siete cucharaditas de azúcar -- La fábrica de disfraces -- La habitación de la caldera -- El radioteatro de la noche -- El regreso -- Correspondencia perdida -- Dos más dos -- Míster Chan-Chan -- Los guantes -- Brum Vs. Paciencia --La decisión de Salerno -- Renglones en blanco.-
520 ## - SUMMARY, ETC.
Summary, etc. Todas las tarde después de la escuela, Juan Brum se entretiene imitando los dibujos de sus historietas favoritas. Un día, sin decirle nada a su madre, se presenta en la Editorial Libra, que publicaba las historietas de Cormack, su personaje preferido, para buscar trabajo. Allí le ofrecen el puesto de cadete.<br/>Sus labores en la curiosa editorial lo llevan hasta los mas recónditos lugares y personajes del edificio, hasta que un día le encargan una misión especial: llevarle un paquete a Sanders. el legendario buscador de finales.
650 #7 - SUBJECT ADDED ENTRY--TOPICAL TERM
Topical term or geographic name entry element Literatura argentina
Source of heading or term embne
655 #7 - INDEX TERM--GENRE/FORM
Source of term embne
Genre/form data or focus term Novelas juveniles
942 ## - ADDED ENTRY ELEMENTS (KOHA)
Source of classification or shelving scheme Universal Decimal Classification
Koha item type Obra General
Suppress in OPAC No
Existencias
Withdrawn status Lost status Source of classification or shelving scheme Damaged status Not for loan Collection Home library Current library Date acquired Total checkouts Full call number Barcode Date last seen Price effective from Koha item type
    Universal Decimal Classification     Colección General Biblioteca Escuela de Ciencias Sociales Biblioteca Escuela de Ciencias Sociales 06/02/2026   82-32(821) SA236 000216 06/02/2026 06/02/2026 Obra General
Biblioteca de la Escuela Preuniversitaria en Ciencias Sociales y Humanísticas.
Riobamba 250 bis.
CP 2000 - Rosario - Santa Fe
E-Mail: biblioteca@esociales.unr.edu.ar